| 000 | 00761cab a2200229 4500 | ||
|---|---|---|---|
| 001 | WB3311-19 | ||
| 008 | 090401t1997 xxu||||| |||| 00| 0 eng d | ||
| 035 | _a(Sirsi) u77067 | ||
| 041 | _aeng | ||
| 245 | _aContracts for windfarms | ||
| 260 | _c1997 | ||
| 350 | _a0 | ||
| 490 |
_aWestern Mail _v11 March 1997, 1(1) |
||
| 520 | _aGovernment has awarded contracts for 18 new windfarms in Wales, as part of its obligation to produce electricity from non-fossil fuel. The Campaign for the Protection of Rural Wales does not support this move. | ||
| 650 | _aELECTRICITY | ||
| 650 | _aNON-FOSSIL FUEL OBLIGATION | ||
| 650 | _aWALES | ||
| 650 | _aWINDFARMS | ||
| 690 | _aENVIRONMENTAL AND LAND CONSULTANCY-ENERGY | ||
| 942 | _n0 | ||
| 948 | _c13/03/1997 | ||
| 999 |
_c48433 _d48433 |
||